[Event "Cesme op-A 11th"]
[Site "Izmir"]
[Date "2025.06.24"]
[Round "3"]
[White "Ozkan, Kaan"]
[Black "Sakarya, Mert"]
[Result "1-0"]
[WhiteElo "1939"]
[BlackElo "1808"]
[PlyCount "79"]
[EventDate "2025.06.23"]
[EventType "swiss"]
[EventRounds "9"]
[EventCountry "TUR"]
[SourceTitle "CB27_2025"]
[SourceDate "2025.07.02"]
[SourceVersion "1"]
[SourceVersionDate "2025.07.02"]
[SourceQuality "1"]

1. e4 e5 2. Nf3 Nc6 3. Bb5 a6 4. Ba4 Nf6 5. 0-0 d6 6. Re1 Be7 7. c3 b5 8. Bb3 Na5 9. Bc2 c5 10. d4 Qc7 11. d5 Nc4 12. h3 Nb6 13. b3 Bd7 14. Nh2 Ng8 15. f4 f6 16. f5 0-0-0 17. a4 Kb7 18. Be3 g5 19. Nd2 Ra8 20. Qe2 bxa4 21. bxa4 Bc8 22. a5 Nd7 23. Nc4 Ka7 24. Reb1 Bb7 25. Ba4 Qd8 26. Nb6 Nxb6 27. Rxb6 Nh6 28. Rab1 Rb8 29. Bc6 Qc8 30. Bxb7 Qxb7 31. Rxb7+ Rxb7 32. Rxb7+ Kxb7 33. Qh5 Bf8 34. Qe8 Rg8 35. Qc6+ Kb8 36. Qb6+ Kc8 37. Qxa6+ Kd7 38. Qb7+ Kd8 39. a6 Rg7 40. Qb8+ 1-0